000
00340 a2200145 4500
020
_a
972-41-3175-0
040
_a
ULA-LD-MS
082
_a
72
_b
72
100
_9
1171
_a
FERNANDES, Fatima
245
_a
Guia da Arquitetura Moderna
260
_a
Luanda ,
_b
Ediė̳s Asas
_c
2002.
300
_a
329p
650
_a
Arquitectura
942
_c
Livros
999
_c
2344
_d
2344